<?xml version="1.0" encoding="UTF-8"?>
<collection xmlns="http://www.loc.gov/MARC21/slim">
    <record>
        <controlfield tag="001">5093</controlfield>
        <controlfield tag="005">20150325135709.0</controlfield>
        <datafield tag="037" ind1=" " ind2=" ">
            <subfield code="a">TAZ-PFC-2010-177</subfield>
        </datafield>
        <datafield tag="041" ind1=" " ind2=" ">
            <subfield code="a">spa</subfield>
        </datafield>
        <datafield tag="100" ind1="1" ind2=" ">
            <subfield code="a">Lostal Lanza, Eduardo</subfield>
        </datafield>
        <datafield tag="245" ind1="0" ind2="0">
            <subfield code="a">Securing Multi-Application Smart Cards by Security-by-Contract</subfield>
        </datafield>
        <datafield tag="260" ind1=" " ind2=" ">
            <subfield code="a">Zaragoza</subfield>
            <subfield code="b">Universidad de Zaragoza</subfield>
            <subfield code="c">2010</subfield>
        </datafield>
        <datafield tag="506" ind1=" " ind2=" ">
            <subfield code="a">by-nc-sa</subfield>
            <subfield code="b">Creative Commons</subfield>
            <subfield code="c">3.0</subfield>
            <subfield code="u">http://creativecommons.org/licenses/by-nc-sa/3.0/</subfield>
        </datafield>
        <datafield tag="520" ind1=" " ind2=" ">
            <subfield code="a">La tecnología de Java Card ha evolucionado hasta el punto de permitir la ejecución de servidores y clientes Web en una tarjeta inteligente. Sin embargo, desarrollos concretos de tarjetas inteligentes multiaplicación no son aún muy corrientes dado el modelo de negocio de descarga asíncrona y actualización de aplicaciones por diferentes partes que requiere que el control de las interacciones entre las aplicaciones sea hecho después de la expedición de la tarjeta. Los modelos y técnicas de seguridad actuales no soportan dicho tipo de evolución en la tartjeta. Un enfoque prometedor para resolver este problema parece ser la idea de Seguridad-mediante-Contrato (SxC). SxC es un entorno en el que se hace obligatorio que cualquier modificación de una aplicación tras la expedición de la tarjeta traiga consigo una especificación de su comportamiento en lo que concierne a seguridad, llamado contrato. Este se debe ajustar a la política de seguridad de la tarjeta multiaplicación. A causa de los recursos limitados de estos dispositivos, el enfoque de SxC puede ser aplicado a diferentes niveles de abstracción, según un jerarquía de modelos la cual proporciona beneficios en términos de complejidad computacional o expresividad del lenguaje. El nivel de más detalle (mayor expresividad) requiere algoritmos demasiado complejos para ser ejecutados en la tarjeta, por lo que es necesario enviar datos de forma privada a una tercera parte de confianza que será la responsable de realizar la comparación del contrato y la política de la tarjeta (proceso llamado Comparación Contrato-Política) con objeto de decidir si la modificación se ajusta a la política de seguridad o no; es decir, si el cambio es aceptable según el comportamiento esperado por la tarjeta y expresado en su política. El propósito del proyecto es desarrollar un sistema el cual resuelva el problema de externalizar el proceso de Comparación Contrato-Política a una entidad externa para tarjetas inteligentes multiaplicación de Java. Este sistema debe garantizar una comunicación segura entre la tarjeta y alguna tercera parte de confianza sobre un medio inseguro. La comunicación tiene que ser segura en términos de autenticación, integridad y confidencialidad. Lograr este objetivo requiere resolver problemas tales como la gestión de identidades y claves y el uso de funciones criptográficas para hacer segura la comunicación de datos privados almacenados en la tarjeta inteligente. Es por ello que los objetivos del proyecto son: Diseñar un sistema que resuelva el problema, implementar un prototipo que demuestre la validez del sistema y validar el prototipo y valorar su idoneidad en cuestión de espacio.</subfield>
        </datafield>
        <datafield tag="521" ind1=" " ind2=" ">
            <subfield code="a">Ingeniero en Informática</subfield>
        </datafield>
        <datafield tag="540" ind1=" " ind2=" ">
            <subfield code="a">Derechos regulados por licencia Creative Commons</subfield>
        </datafield>
        <datafield tag="653" ind1="1" ind2=" ">
            <subfield code="a">Tarjetas inteligentes multiaplicación</subfield>
        </datafield>
        <datafield tag="653" ind1="1" ind2=" ">
            <subfield code="a">Seguridad</subfield>
        </datafield>
        <datafield tag="653" ind1="1" ind2=" ">
            <subfield code="a">Comparación del contrato</subfield>
        </datafield>
        <datafield tag="700" ind1=" " ind2=" ">
            <subfield code="a">Dragoni, Nicola</subfield>
            <subfield code="e">dir.</subfield>
        </datafield>
        <datafield tag="710" ind1="2" ind2=" ">
            <subfield code="a">Universidad de Zaragoza</subfield>
            <subfield code="b">Informática e Ingeniería de Sistemas</subfield>
            <subfield code="c">Lenguajes y Sistemas Informáticos</subfield>
        </datafield>
        <datafield tag="720" ind1="2" ind2=" ">
            <subfield code="a">Fabra Caro, Francisco Javier</subfield>
            <subfield code="e">ponente</subfield>
        </datafield>
        <datafield tag="830" ind1=" " ind2=" ">
            <subfield code="a">CPS</subfield>
        </datafield>
        <datafield tag="856" ind1="0" ind2=" ">
            <subfield code="f">537870@celes.unizar.es</subfield>
        </datafield>
        <datafield tag="856" ind1="4" ind2=" ">
            <subfield code="s">2390211</subfield>
            <subfield code="u">http://zaguan.unizar.es/record/5093/files/TAZ-PFC-2010-177.pdf</subfield>
            <subfield code="y">Memoria (spa)</subfield>
        </datafield>
        <datafield tag="909" ind1="C" ind2="O">
            <subfield code="o">oai:zaguan.unizar.es:5093</subfield>
            <subfield code="p">driver</subfield>
            <subfield code="p">proyectos-fin-carrera</subfield>
        </datafield>
        <datafield tag="950" ind1=" " ind2=" ">
            <subfield code="a"></subfield>
        </datafield>
        <datafield tag="980" ind1=" " ind2=" ">
            <subfield code="a">TAZ</subfield>
            <subfield code="b">PFC</subfield>
            <subfield code="c">CPS</subfield>
        </datafield>
    </record>

    
</collection>